Tabela maite - Statistics

General Stats
  • This quiz has been taken 230 times
  • The average score is 8 of 9
Answer Stats
Velocidade Indicada Razão de Descida Razão de Planeio % Correct
80 Cruzeiro liso .
100%
850
92%
75
90%
65
86%
1000
84%
950
84%
9,53:1
82%
6,58:1
72%
8,00:1
72%
No matching quizzes found
Score Distribution
Percent of People with Each Score
Percentile by Number Answered
Your Score History
You have not taken this quiz